Biological and Synthetic Polymer Networks /

Bibliographic Details
Main Author: Kramer, O.
Corporate Author: SpringerLink (Online service)
Format: eBook
Language:English
Published: Dordrecht : Springer Netherlands, 1988.
Subjects:
Online Access:Connect to the full text of this electronic book

MARC

Tag First Indicator Second Indicator Subfields
LEADER 00000cam a2200000Ma 4500
001 in00003545409
006 m o d
007 cr nn|||||||||
008 121227s1988 ne o 000 0 eng d
005 20260421162645.8
020 |a 9789400913431 (electronic bk.) 
020 |a 9400913435 (electronic bk.) 
035 |a (OCoLC)840304477 
040 |a I9W  |b eng  |e pn  |c I9W  |d OCLCQ  |d UV0  |d OCLCO  |d GW5XE  |d OCLCF  |d UtOrBLW 
049 |a TXAM 
050 4 |a TA404.6 
082 0 4 |a 620.11  |2 23 
100 1 |a Kramer, O. 
245 1 0 |a Biological and Synthetic Polymer Networks /  |c edited by O. Kramer. 
264 1 |a Dordrecht :  |b Springer Netherlands,  |c 1988. 
300 |a 1 online resource (548 pages) 
336 |a text  |b txt  |2 rdacontent 
337 |a computer  |b c  |2 rdamedia 
338 |a online resource  |b cr  |2 rdacarrier 
500 |a Electronic resource. 
650 0 |a Polymers. 
650 0 |a Surfaces (Physics) 
650 7 |a Polymers.  |2 fast  |0 (OCoLC)fst01070588 
650 7 |a Surfaces (Physics)  |2 fast  |0 (OCoLC)fst01139265 
655 7 |a Electronic books.  |2 local 
710 2 |a SpringerLink (Online service) 
856 4 0 |u http://proxy.library.tamu.edu/login?url=https://link.springer.com/10.1007/978-94-009-1343-1  |z Connect to the full text of this electronic book  |t 0 
994 |a 92  |b TXA 
999 |a MARS 
999 f f |s 6be99041-5294-3188-99c1-15861299ac94  |i 7a8263c8-7092-35a5-89e6-6adb7b9cf707  |t 0 
952 f f |a Texas A&M University  |b College Station  |c Electronic Resources  |s www_evans  |d Available Online  |t 0  |e TA404.6  |h Library of Congress classification 
998 f f |a TA404.6  |t 0  |l Available Online